000 00552nam a22001817a 4500
005 20251108165405.0
008 250721s9999 xx 000 0 ara d
082 1 4 _aم/922.175/يعل
100 1 _aإبن أبي يعلى، أبو الحسين محمد بن محمد بن ...
245 1 0 _aطبقات الحنابلة /
264 1 _aبيروت :
_bدار المعرفة،
_c[19-].
300 _a
650 1 7 _aالفقهاء
650 1 7 _aالتراجم
650 1 7 _aالمذاهب الإسلامية
942 _2ddc
_cREF
999 _c26749
_d26749